Bienvenue à la Médiathèque de Saint-Andiol
banniere
Accueil Recherche avancée Mon compte
handi1 Rechercher dans le catalogue

Filtre   Mots-clés
  Recherche avancée
 
Lister les dernières nouveautés
 
Lister les livres GROS CARACTERES
 
Lister les périodiques (magazines)

handi1 N'avoue jamais

Book Cover
Auteur principal : Lisa Gardner
Autres auteurs : Colette Sodoyez
Titre : N'avoue jamais
Support :
Langue : Francais
Publié : Audiolib Paris
Genre : Policier
Sujets : Livres audio pour Adultes
Étiquettes :
Pas de tags
LEADER 01146nzm0a2200217 450
001 16867979
010 |a 979-10-354-0800-8  |d 24,9 
100 |a 20220707d2026 u u0frey01 ba 
101 0 |a fre 
200 0 |a N'avoue jamais  |f Lisa Gardner  |g Colette Sodoyez 
207 1 |a   
210 |a Paris  |c Audiolib 
215 |a 1 compact disque audio MP3 (14h11) 
300 |a 5,50%,5,50% 
330 |a Un homme est abattu de trois coups de feu à son domicile. Lorsque la police arrive sur place, elle trouve sa femme, Evie, enceinte de cinq mois, l'arme à la main. Celle-ci n'est pas une inconnue pour l'enquêtrice D.D. Warren. Accusée d'avoir tué son propre père d'un coup de fusil alors qu'elle était âgée de seize ans, elle a finalement été innocentée, la justice ayant conclu à un accident. Simple coïncidence ? Evie est-elle coupable ou victime de son passé ? 
610 0 |a Livres audio pour Adultes 
700 0 |a Gardner  |b Lisa  |c romancière  |f 19..-....  |4 70 
702 0 |a Sodoyez  |b Colette  |4 550 
900 |a Policier 
901 |a Adultes 
995 |a Médiathèque  |c Médiathèque  |f 00156010255917  |h 00156010255917  |k RP GAR  |o p  |q a  |r ie  |e Médiathèque